000 01727nam a2200241Ia 4500
008 260220t1971||||xx |||||||||||||| ||spa||
040 _aPY-SlUNAC
_bspa
_erda
041 _aspa
082 _a616.891 56
_bV217p
100 _aVan Eckhout, Maria Teresa
_eAutor
245 0 _aLa pareja /
_cpor Maria Teresa Van Eckhout [Autor]
264 _aBilbao :
_bDuculot,
_c℗1971.
300 _a1 volumen
520 _aEn "La pareja", Maria Teresa Van Eckhout explora las dinámicas interpersonales y las complejidades de las relaciones románticas a través de una narrativa que combina elementos de la psicología y la sociología. La autora analiza cómo las expectativas sociales, culturales y emocionales influyen en la formación y el desarrollo de las parejas, así como los conflictos que pueden surgir de estas interacciones. A lo largo del texto, Van Eckhout presenta diversas situaciones que reflejan las tensiones entre la individualidad y la convivencia, destacando la importancia de la comunicación y la empatía en la resolución de problemas. Además, se abordan temas como la intimidad, la fidelidad y el compromiso, lo que permite una comprensión más profunda de los lazos afectivos. Con un estilo accesible y reflexivo, el libro invita a los lectores a reflexionar sobre sus propias experiencias y a considerar el papel que juegan en sus relaciones, promoviendo así un análisis crítico de lo que significa ser pareja en el contexto contemporáneo.
653 _aPsicología
653 _aRelaciones de pareja
653 _aSociología
942 _b2026/02/17
_cBK
999 _c8504
_d8504